| 000 | 01538nam a2200217Ia 4500 | ||
|---|---|---|---|
| 003 | Ost | ||
| 005 | 20260507075046.0 | ||
| 008 | 260507s9999||||xx |||||||||||||| ||und|| | ||
| 040 | _cfsecg | ||
| 041 | _aara | ||
| 082 | _a600 | ||
| 100 |
_aأبو قحف، عبد السلام _eمؤلف |
||
| 245 | 0 |
_aالتسويق الدولي / _c عبد السلام أبو قحف |
|
| 260 |
_aالإسكندرية: _bالدار الجامعية, _c2002 |
||
| 300 |
_a376 صفحة؛ _bإيضاحات ؛ _c24 سم |
||
| 504 | _aالملاحق ص.189 | ||
| 520 | _aمقدمات وقضايا رئيسية-بيئة التسويق الدولي-نظريات التدويل-طرق ومسارات غزو الأسواق الدولية/الأجنبية-استراتيجية التسويق الكونية الملامح والأطر العامة-التسويق الكوني للخدمات-استخبارات التسويق الدولي-نظم الإستخبارات الصناعية وتطوير القدرات التنافسية لمنظمات الأعمال-إدارة التصدير-سياسات المنتج الدولي-سياسة التوزيع الدولي-سياسة الإعلان والترويج في الأسواق الدولية-التسعير في الأسواق الدولية-ابعاد التحويل بين فروع الشركات العالمية ومتعددة الجنسيات-التسويق الدولي للخدمات(نبذة سريعه) | ||
| 653 | _aالتسويق | ||
| 653 | _aالتسويق الدولي | ||
| 942 | _cكتاب | ||
| 999 |
_c42573 _d42573 |
||